[Event "Oberpfalz-ch M3"]
[Site "Roding"]
[Date "2010.03.30"]
[Round "8"]
[White "Mueller, Paul1111"]
[Black "Janker, Johannes"]
[Result "1-0"]
[WhiteElo "852"]
[BlackElo "700"]
[PlyCount "69"]
[EventDate "2010.03.27"]
[EventType "swiss"]
[EventRounds "8"]
[EventCountry "GER"]
[SourceTitle "EXT 2012"]
[Source "ChessBase"]
[SourceDate "2011.11.24"]
[SourceVersion "1"]
[SourceVersionDate "2011.11.24"]
[SourceQuality "1"]

1. e4 e5 2. Nf3 Nc6 3. d4 d6 4. d5 Nb4 5. Bd2 a5 6. a3 Bg4 7. axb4 axb4 8. Rxa8 Qxa8 9. Bxb4 Nf6 10. Nc3 Be7 11. Be2 0-0 12. 0-0 c6 13. Ng5 h6 14. Bxg4 Nxg4 15. Qxg4 Bxg5 16. Bxd6 Qc8 17. Qxc8 Rxc8 18. Bxe5 Re8 19. Bd4 Bf6 20. Bxf6 gxf6 21. dxc6 bxc6 22. f3 h5 23. Rb1 h4 24. h3 Rd8 25. b4 f5 26. exf5 f6 27. b5 cxb5 28. Nxb5 Rd5 29. c4 Rxf5 30. Rc1 Rc5 31. g4 Kf7 32. Nd6+ Ke6 33. Ne4 f5 34. Nxc5+ Ke5 35. Nd3+ 1-0